000 00365nam a2200133Ia 4500
008 220204s9999 xx 000 0 und d
082 _a575:631.52:632
_bRUS;1
100 _aRUSSELL, G E
245 0 _aPlant breeding for pest and disease resistance
260 _aLondon
_bButterworth
_c1978
650 _aDisease resistance
650 _aPlant breeding
942 _cBK
999 _c30725
_d30725